000 00713nam a2200217 a 4500
001 000039398
005 20240412074300.0
008 130626s2007 dr r 001 p spa d
020 _a9789993422952
040 _aDO-SdBNP
_bspa
_cBNPHU
082 _aRD861.44
_bE77t
100 1 _aEspinal Sepúlveda, Víctor Julio,
_d1968-
_928957
245 1 0 _aTestamento de locura /
_cVíctor Espinal.
260 _aSanto Domingo :
_bEl Nuevo Diario,
_c2007.
300 _a74 p. ;
_c22 cm.
500 _aIncluye datos biográficos del autor en la contracubierta.
590 _aInventariado, 2018/BT
650 0 _aPoesía dominicana
_966
650 0 _aLiteratura dominicana.
_967
910 _aValidado. Control de calidad. EMS
999 _c38888
_d38888